Piosenki Dawida Podsiadło - nagła śmierć - Statystyki

Ogólne statystyki
  • Ten quiz został rozwiązany 193 razy
  • Średni wynik to 9 z 14
Answers on the Grid
Answers color-coded by a green-red scale on the quiz's grid according to % correct below.
Małomiasteczkowy
Eldorado
I Ciebie też, bardzo
Wyglądasz idealnie
Bubbletea
Trójkąty i kwadraty
Wehikuł czasu
Ostatnia nadzieja
Parostatek
Remedium
mori
Babski świat
Nieznajomy
Crazy Is My Life
Trofea
Pastempomat
Zawsze z Tobą chciałbym być
W dobrą stronę
Żyć aż do bólu
Pięknie płyniesz
Powiedz mi, że nie chcesz
Nie dzwoń do mnie mała
Szarość i róż
Ściernisko
To co masz Ty
Diable
Zazdrość
Zrobiłeś to chłopak
 
Statystyki odpowiedzi
Odpowiedź % Poprawnych
Małomiasteczkowy
97%
Trójkąty i kwadraty
86%
mori
77%
Trofea
73%
Nieznajomy
72%
W dobrą stronę
72%
Pastempomat
70%
I Ciebie też, bardzo
69%
To co masz Ty
65%
Pięknie płyniesz
60%
Ostatnia nadzieja
57%
Diable
52%
Szarość i róż
50%
Powiedz mi, że nie chcesz
33%
Nie znaleziono quizów pasujących do podanych kryteriów
Rozkład punktacji
Procent ludzi z każdym wynikiem
Percentyl według liczby udzielonych odpowiedzi
Twoja historia wyników
Nie rozwiązałeś tego quizu